000 00844cab a2200241 4500
001 WB3045-15
008 090401t1994 xxu||||| |||| 00| 0 eng d
035 _a(Sirsi) u16276
041 _aeng
245 _aDerivatives doubts persist
260 _c1994
350 _a0
490 _aFinancial Times
_v1 December 1994, 33
490 _aProperty Week
_v49(9) 1 December 1994, 7(1)
520 _aAccording to a survey by Jones Lang Wootton, 85% of institutions are interested in using derivatives, but three-quarters of them say they will only do so when a market has been set up.
650 _aFUTURES
650 _aINSTITUTIONAL INVESTMENT
650 _aPROPERTY DERIVATIVES
650 _aPROPERTY FUTURES
690 _aPROPERTY-COMMERCIAL PROPERTY-COMMERCIAL PROPERTY FINANCE AND INVESTMENT
942 _n0
948 _c04/03/1997
999 _c10698
_d10698